000 00626nam a2200229Ia 4500
003 OSt
005 20220918203322.0
006 a|||||r|||| 00| 0
007 ta
008 220917b |||||||| |||| 00| 0 eng d
024 _a107,514
037 _cTextual
040 _aARTS
_cARTS
_beng
041 _2eng
_aeng
082 _aV3,4N24.N22, L3
100 _aKinnear Michael
_9107956
245 0 _aFall and Lloyd George
_b the political crisis of 1922
260 _aLodnon
_bmacmillan
_c1973
650 _aHISTORY
942 _hV3,4N24.N22, L3
_cTEXL
_2CC
999 _c230872
_d230872